| 000 | 00688nam a2200229Ia 4500 | ||
|---|---|---|---|
| 008 | 160418s9999 xx 000 0 und d | ||
| 020 | _a971-23-3240-3 | ||
| 050 | _aFIL PL 6054 | ||
| 050 | _b.D56 2001 c.1 | ||
| 100 | _aDinglasan, Ressurection Doctor. | ||
| 245 | _aRetorikang Filipino / | ||
| 245 | _cRessureccion Doctor Dinglasan. | ||
| 260 | _aManila : | ||
| 260 | _bRex Book Store, Inc., | ||
| 260 | _c2001 | ||
| 300 | _a249 pages : | ||
| 300 | _billustrations ; | ||
| 300 | _c22 cm. | ||
| 500 | _aIncludes bibliographical references. | ||
| 650 | _aFilipino language -- Study and teaching (Higher). | ||
| 650 | _xFilipino language -- Rhetoric -- Study and teaching. | ||
| 999 |
_c293413 _d293413 |
||